000 00676nam a2200241Ia 4500
003 OSt
005 20220923211814.0
006 a|||||r|||| 00| 0
007 ta
008 220922b |||||||| |||| 00| 0 san d
024 _a58,012
037 _cTextual
040 _aARTS
_cARTS
_bsan
041 _2san
_asan
082 _aQ1:427, 15N2
100 _aविक्रमकुमार
_9156945
245 0 _aवैदिक-गृहश्रमविधि
246 _aVaidika-gṛuhashramavidhi
260 _c1992
300 _a198चण्
_ccm.
942 _hQ1:427, 15N2
_cTEXL
_2CC
999 _c303802
_d303802